000 00733nam a2200217Ia 4500
003 GCL
008 140319s9999 xx 000 0 ara d
040 _aGCL /
_cGCL
082 0 4 _a813.01
_bى ر
100 1 _aيوسف الشارونى
245 1 0 _aالروائيون الثلاثة: نجيب محفوط - يوسف السباعى - محمد عبد الحليم عبد الله /
_cيوسف الشارونى
260 _a[S.N] :
_bالهيئة المصرية العامة للكتاب ،
_c1980
300 _a313 ص
490 _a
650 0 4 _aالادب العربى
650 0 4 _aالعصر الحديث
650 0 4 _aمصر
650 0 4 _aالقصة العربية
650 0 4 _aتاريخ ونقد
942 _2ddc
_cBK
999 _c28282
_d28282